| Tag |
First Indicator |
Second Indicator |
Subfields |
| LEADER |
00000cam a2200000 4500 |
| 001 |
in00000064378 |
| 005 |
20151008051806.0 |
| 008 |
721208s1938 nyu 00000 eng u |
| 010 |
|
|
|a 38005375
|
| 035 |
|
|
|a (OCoLC)00511035
|
| 035 |
|
|
|9 AAH0007AM
|
| 040 |
|
|
|c CSU
|d TXA
|d UtOrBLW
|
| 049 |
|
|
|a TXAM
|c [191458]
|
| 050 |
|
0 |
|a HC232
|b .H3
|
| 082 |
0 |
|
|a 330.989
|
| 092 |
|
|
|a 330.989
|b H251u
|
| 100 |
1 |
|
|a Hanson, Simon Gabriel.
|
| 245 |
1 |
0 |
|a Utopia in Uruguay :
|b chapters in the economic history of Uruguay /
|c by Simon G. Hanson.
|
| 264 |
|
1 |
|a New York :
|b Oxford Press,
|c 1938.
|
| 300 |
|
|
|a 262p. ;
|c 23cm.
|
| 336 |
|
|
|a text
|b txt
|2 rdacontent
|
| 337 |
|
|
|a unmediated
|b n
|2 rdamedia
|
| 338 |
|
|
|a volume
|b nc
|2 rdacarrier
|
| 651 |
|
0 |
|a Uruguay
|x Economic policy.
|
| 651 |
|
0 |
|a Uruguay
|x Economic conditions.
|
| 999 |
|
|
|a MARS
|
| 999 |
f |
f |
|s 6f0af1ae-23d9-30b0-9410-36400d4f5fac
|i 6735a879-8ade-3d9b-80b7-c98fadea7da5
|t 0
|
| 952 |
f |
f |
|p ric
|a Texas A&M University
|b Rellis Campus
|c Joint Library Facility
|d Remote Storage
|t 0
|e HC232 .H3
|h Library of Congress classification
|i unmediated -- volume
|m A14800710644
|
| 998 |
f |
f |
|a HC232 .H3
|t 0
|l Remote Storage
|